000 00308nam a22001337a 4500
008 170628b xxu||||| |||| 00| 0 eng d
020 _a039395563
041 _aeng
080 _25 ED
_a32
100 _a21
101 _aGJL
245 _aTHE NORTON ANTHOLOGY OF ENGLISH
_cABRAMS.M.H
942 _2udc
_cBK
999 _c19402
_d19402